000 00670 a2200241 4500
001 75178
005 20251210122321.0
010 _a978-972-23-5879-8
090 _a75178
100 _a20251210d2019 a||y0pory50 ba
101 0 _apor
102 _aPT
200 1 _aA minha vida fora de sřie
_fPaula Pimenta
_e3.® temporada
205 _a4.® ed.
210 _aBarcarena
_cEditorial Presenȧ
_d2019
215 _a417, [2] p.
225 _aA minha vida fora de sřie
_v3
606 _92126
_aLiteratura juvenil
675 _a83
_zpor
_v4.® ed.
675 _a087.5
_zpor
_vBN
675 _a821.134.3(81)-93"20"
_zpor
_vBN
675 _a821.134.3(81)-31"20"
_zpor
_vBN
942 _cMON
_n0